[Event "Caorle op"]
[Site "Caorle"]
[Date "1982.??.??"]
[Round "3"]
[White "Pagnutti, Lorenzo"]
[Black "Paniagua, Roberto"]
[Result "0-1"]
[WhiteElo "2045"]
[BlackElo "2250"]

1.e4 c5 2.c3 Nf6 3.e5 Nd5 4.d4 cxd4 5.cxd4 e6 6.Nf3 d6 7.a3 Bd7 8.Bd3 Bc6
9.O-O Nd7 10.Qe2 Rc8 11.Bd2 Be7 12.Nc3 dxe5 13.Nxe5 Nxe5 14.dxe5 Nxc3 15.Bxc3 Qd5
16.f3 O-O 17.Rfd1 Qb3 18.Kh1 Rfd8 19.Qe3 Bb5 20.h3 g6 21.Qe2 Rxd3 22.Rxd3 Bxd3
23.Qxd3 Rd8 24.Qe3 a5 25.Kh2 Rd5 26.Rc1 Kg7 27.f4 Bc5 28.Qe1 Bb6 29.f5 gxf5
30.Qg3+ Kh8 31.Qg5 Bd8 32.Qh6 Kg8 33.Bd2 Qxb2 34.Rc3 f4 35.Be1 f3 36.Rxf3 Qxe5+
37.Rg3+ Bg5 38.Qh5 Kf8 39.Bf2 Bf4 40.Qxh7 Bxg3+ 41.Bxg3 Qg7 42.Qc2 Kg8 43.Qc8+ Qf8
44.Qxb7 Qxa3 45.Qb8+ Qf8 46.Qf4 Qb4 47.Qf6 Qe4 48.Qe7 Qb4 49.Qf6 Rh5 50.Qd8+ Qf8
51.Qd4 Qg7 52.Qd8+ Kh7 53.Bc7 Rd5 54.Qh4+ Kg8 55.Qe4 Qg6 56.Qa4 Qg5 57.Qe8+ Kg7
58.Qa8 Rd2 59.Qe4 Rd5 60.Qc4 Qd2 61.Qe4 Rf5 62.Bg3 Qd5 63.Qc2 Qd4 64.Be1 Qd6+
65.Bg3 Qc5 66.Qb2+ Kh7 67.Qb1 Qb4 68.Qc2 a4 69.Bd6 Qb3 70.Qe4 Qd5 71.Qh4+ Kg7
72.Qg3+ Rg5  0-1

[Event "Caorle op"]
[Site "Caorle"]
[Date "1982.??.??"]
[Round "4"]
[White "Savic, Dragoljub"]
[Black "Bolek, Jan"]
[Result "1-0"]
[WhiteElo "2225"]
[BlackElo "2030"]

1.e4 c5 2.c3 Nf6 3.e5 Nd5 4.d4 e6 5.a3 b6 6.Nf3 Bb7 7.Bd3 cxd4 8.cxd4 Na6
9.Nc3 Nac7 10.Ne4 Be7 11.Nd6+ Bxd6 12.exd6 Na6 13.Bg5 f6 14.Ne5 g6 15.Qb1 fxg5
16.Bxg6+ Kf8 17.Bxh7 Nf4 18.Be4 Rb8 19.g3 Bxe4 20.Qxe4 Nd5 21.Qf3+ Nf6 22.Qd3 b5
23.Qg6 Rh7 24.h4 Rg7 25.Qh6 Ng8 26.Qh8 Qf6 27.hxg5 Qf5 28.Rh4 Qxg5 29.Rf4+ Qxf4
30.gxf4 Rc8 31.Kd2 Nb8 32.Rh1 Nc6 33.Nxd7+  1-0

[Event "Caorle op"]
[Site "Caorle"]
[Date "1982.??.??"]
[Round "7"]
[White "Sindjic, Milutin"]
[Black "Rajkovic, Dusan"]
[Result "0-1"]
[WhiteElo "2000"]
[BlackElo "2460"]

1.e4 c5 2.c3 Nf6 3.Bd3 Nc6 4.Nf3 e5 5.O-O d5 6.Qa4 dxe4 7.Bxe4 Nxe4 8.Qxe4 f5
9.Qe2 e4 10.Ne1 Bd6 11.Na3 O-O 12.Nc4 Bc7 13.a4 Be6 14.d3 Bxc4 15.dxc4 Qh4
16.f4 exf3 17.Nxf3 Qh5 18.Be3 Bxh2+  0-1

[Event "Caorle op"]
[Site "Caorle"]
[Date "1982.??.??"]
[Round "7"]
[White "Godena, Michele"]
[Black "Wagman, Stuart"]
[Result "1/2-1/2"]
[WhiteElo "2085"]
[BlackElo "2255"]

1.e4 c5 2.c3 Nf6 3.e5 Nd5 4.d4 cxd4 5.Nf3 e6 6.cxd4 b6 7.a3 Ba6 8.Bxa6 Nxa6
9.Bg5 Be7 10.Bxe7 Qxe7 11.Nbd2 O-O 12.O-O d6 13.Rc1 dxe5 14.dxe5 Rad8 15.b4 Nf4
16.Rc4 Nd3 17.Qc2 Rd5 18.Qc3 Rfd8 19.Ne4 Nf4 20.Qe3 Ng6 21.Nc3 Rd3 22.Qe4 Qd7
23.Ne1 Rd2 24.Nf3 Rd3 25.Ne1 Rd2  1/2-1/2

[Event "CSR-ch"]
[Site "Frenstat"]
[Date "1982.??.??"]
[Round "2"]
[White "Danek, Libor"]
[Black "Sikora Lerch, Jan"]
[Result "1/2-1/2"]
[WhiteElo "2290"]
[BlackElo "2415"]

1.e4 c5 2.c3 Nf6 3.e5 Nd5 4.d4 e6 5.Nf3 d6 6.Bb5+ Bd7 7.Bxd7+ Nxd7 8.O-O cxd4
9.Qxd4 dxe5 10.Nxe5 Qf6 11.Nf3 Qxd4 12.Nxd4 Ne5 13.Nd2 Bc5 14.N2f3 Nxf3+
15.Nxf3 Ke7 16.c4 Nb4 17.Bd2 Rhd8 18.Bc3 f6 19.a3 Nd3 20.g3 Rac8 21.b4 Bd6  1/2-1/2

[Event "Bundesliga 8182"]
[Site "Germany"]
[Date "1982.??.??"]
[Round "?"]
[White "Gergs, Wolfgang"]
[Black "Lentze, Ingo"]
[Result "1-0"]
[WhiteElo "2240"]
[BlackElo "2315"]

1.e4 c5 2.c3 Nf6 3.e5 Nd5 4.d4 cxd4 5.cxd4 d6 6.Nf3 Nc6 7.Nc3 Nxc3 8.bxc3 dxe5
9.d5 Nb8 10.Nxe5 Qc7 11.Qd4 Nd7 12.Bb5 f6 13.Nc4 Kf7 14.Ba3 Nb6 15.d6 exd6
16.Bxd6 Qd8 17.O-O-O Be6 18.Rhe1 a6 19.Nxb6 axb5 20.Rxe6 Ra6 21.Qd5 Qxb6
22.Re3+  1-0

[Event "Hong Kong zt qual"]
[Site "Hong Kong"]
[Date "1982.??.??"]
[Round "?"]
[White "Mahmud, Syarif"]
[Black "Sitanggang, Salor"]
[Result "0-1"]
[WhiteElo "2260"]
[BlackElo "2200"]

1.e4 c5 2.c3 Nf6 3.e5 Nd5 4.d4 cxd4 5.Qxd4 e6 6.Bc4 Nc6 7.Qe4 f5 8.Qe2 Nb6
9.Bb3 Be7 10.Nf3 O-O 11.O-O Kh8 12.a4 Rb8 13.Rd1 Qe8 14.Nd4 Nxd4 15.cxd4 d5
16.exd6 Bxd6 17.Nc3 Bd7 18.a5 Na8 19.Bc4 Nc7 20.b3 b5 21.axb6 axb6 22.Bd3 b5
23.Bd2 Bc6 24.Ra7 b4 25.Na4 Ra8 26.Rxa8 Qxa8 27.Nb6 Qd8 28.Nc4 Be7 29.Ne5 Bd5
30.Bc4 Be4 31.Be1 Bd6 32.f3 Bb7 33.Nd3 Qe7 34.Bd2 Qh4 35.f4 Be4 36.Rf1 Qf6
37.Ne5 Qe7 38.Ra1 Nd5 39.Bxd5 Bxd5 40.Nc4 Qf6 41.Rd1 Be7 42.Be1 Rd8 43.Bg3 Kg8
44.Bf2 h6 45.Re1 Qg6 46.Be3 Bf6 47.Nb6 Be4 48.Rd1 Kh7 49.Rd2 Be7 50.Qc4 e5
51.Nc8 Bh4 52.Na7 exf4 53.Bxf4 Be1 54.Ra2 Bc3 55.Be5 Bd5 56.Qc7 Rg8 57.Nb5 Bxb3
58.Rf2 Qa6 59.Qc5 Qc8 60.Nc7 Qd7 61.Qb6 Bc4 62.Qc5 Bd3 63.Rf3 Be4 64.Re3 Rc8
65.Rg3 Rxc7 66.Qxc7 Bxd4+ 67.Kh1 Qxc7 68.Bxc7 Bc2 69.Bd6 b3 70.Ba3 b2 71.Bxb2 Bxb2
72.Re3 Be4 73.Re2 Bf6 74.Ra2 h5 75.Ra3 h4 76.h3 Kg6 77.Ra4 Kg5 78.Kg1 Kf4
79.Ra6 Bd4+ 80.Kh2 g5 81.Ra4 Bf2 82.Ra2 Ke3 83.Ra3+ Ke2 84.Ra2+ Kf1 85.Ra1+ Be1
86.Ra2 Bc3 87.Kh1 g4 88.Kh2 Be5+  0-1

[Event "Lugano op"]
[Site "Lugano"]
[Date "1982.??.??"]
[Round "?"]
[White "Stein, Bernd"]
[Black "Kouatly, Bachar"]
[Result "1-0"]
[WhiteElo "2315"]
[BlackElo "2435"]

1.e4 c5 2.c3 Nf6 3.e5 Nd5 4.d4 cxd4 5.Qxd4 e6 6.Nf3 Nc6 7.Qe4 d6 8.Bb5 Bd7
9.c4 Nc7 10.exd6 Bxd6 11.O-O a6 12.Ba4 b5 13.Bb3 Na5 14.Rd1 bxc4 15.Rxd6 cxb3
16.Ne5 Nd5 17.Rxd7 Qc8 18.Na3 O-O 19.Bh6 Nf6 20.Qf4 Nc6 21.Qg5 Ne8 22.Nac4 Nxe5
23.Nxe5 bxa2 24.Re7 Qc2 25.h3 Qb1+ 26.Kh2 Qf5 27.Rxe8 Qxg5 28.Rxf8+ Kxf8
29.Bxg5 f6 30.Nd7+  1-0

[Event "Lugano op"]
[Site "Lugano"]
[Date "1982.??.??"]
[Round "?"]
[White "Mariotti, Sergio"]
[Black "Kouatly, Bachar"]
[Result "0-1"]
[WhiteElo "2455"]
[BlackElo "2435"]

1.e4 c5 2.c3 Nf6 3.e5 Nd5 4.d4 cxd4 5.cxd4 d6 6.Nf3 Nc6 7.Bc4 Nb6 8.Bb5 dxe5
9.Nxe5 Bd7 10.Bxc6 Bxc6 11.Nxc6 bxc6 12.O-O g6 13.Qc2 Rc8 14.Rd1 Bg7 15.Nc3 O-O
16.Bg5 Rc7 17.Bf4 Rd7 18.Ne2 Qc8 19.Rac1 Qa6 20.a3 Rfd8 21.Re1 Bxd4 22.Nxd4 Rxd4
23.Bc7 R8d7 24.Be5 Rc4 25.Qb3 Qb5 26.Qg3 Rxc1 27.Rxc1 Qe2 28.h4 Rd3 29.Qf4 Nd5
30.Rxc6 f6 31.Rc8+ Kg7 32.Bxf6+ exf6 33.Qb8 Qe1+ 34.Kh2 Qxf2 35.Rg8+ Kh6
36.Rxg6+ Kxg6 37.Qg8+ Kh6 38.Qf8+ Kh5 39.Qf7+ Kg4 40.Qe6+ Kxh4  0-1

[Event "Luzern ol (Men)"]
[Site "Luzern"]
[Date "1982.??.??"]
[Round "2"]
[White "Thipsay, Praveen Mahadeo"]
[Black "Ljubojevic, Ljubomir"]
[Result "0-1"]
[WhiteElo "2430"]
[BlackElo "2615"]

1.e4 c5 2.c3 Nf6 3.e5 Nd5 4.d4 cxd4 5.cxd4 d6 6.Nf3 Nc6 7.Bc4 Nb6 8.Bb5 Bd7
9.Nc3 dxe5 10.dxe5 g6 11.O-O Bg7 12.Qe2 a6 13.Bxc6 Bxc6 14.e6 f5 15.Ne5 O-O
16.Nxc6 bxc6 17.Bf4 Nd5 18.Be5 Bxe5 19.Qxe5 Qb8 20.Qxb8 Raxb8 21.Na4 Rf6
22.Rfe1 Nf4 23.g3 Nxe6 24.Rac1 Kf7 25.Rxc6 Nd4 26.Rc3 g5 27.Kg2 f4 28.f3 Nf5
29.Re4 Ne3+ 30.Rcxe3 fxe3 31.Rxe3 Re6 32.Kf2 Rxe3 33.Kxe3 Ke6 34.b3 Kd5 35.Kd3 Rf8
36.Ke3 Rf6 37.Nc3+ Ke5 38.Ne4 Rh6 39.Nf2 Kd6 40.h3 Kc5 41.a3 Kd5 42.Kd3 Rf6
43.Ke3 Rb6 44.b4 Kc4 45.Ne4 Kb3  0-1

[Event "Luzern ol (Men)"]
[Site "Luzern"]
[Date "1982.??.??"]
[Round "8"]
[White "Suer, Nevzat"]
[Black "Gutierrez, Jose Antonio"]
[Result "0-1"]
[WhiteElo "2240"]
[BlackElo "2350"]

1.e4 c5 2.c3 Nf6 3.d3 d5 4.Nd2 Nc6 5.Ngf3 e6 6.Be2 Be7 7.O-O O-O 8.Re1 b5
9.Bf1 a5 10.g3 Qb6 11.exd5 exd5 12.Bg2 Bf5 13.Nf1 Rfe8 14.Bf4 Rad8 15.Ne5 Nxe5
16.Bxe5 d4 17.cxd4 cxd4 18.Rc1 Rc8 19.Qf3 Be6 20.Rc6 Qxc6 21.Qxc6 Rxc6 22.Bxc6 Rc8
23.Bxb5 Bb4 24.Re2 Bg4 25.f3 Bxf3 26.Rf2 Ng4 27.Rxf3 Nxe5 28.Rf4 Rc5 29.a4 g5
30.Rf5 g4 31.Kg2 Be1 32.Kh1 f6 33.Bc4+ Kg7 34.b3 Kg6 35.Rf4 Bc3 36.Rf2 Nf3
37.Re2 Re5 38.Rxe5 fxe5 39.Kg2 Kf5 40.Bg8 Ng5 41.Kf2 e4 42.dxe4+ Kxe4 43.Bc4 d3
44.Bb5 Nh3+ 45.Kg2 Be1 46.Bd7 h5 47.Be8 d2 48.Bg6+ Kd4 49.Nxd2 Bxd2 50.Bxh5 Ng5
51.Bxg4 Ne4 52.Bd1 Nc5 53.h4 Kc3 54.g4 Nxb3 55.Kf3 Kb4 56.Ke4 Nc5+ 57.Kf5 Nxa4
58.g5 Nc3 59.g6 Bh6 60.Bc2 Nd5 61.Ke4 Kc3 62.Ba4 Ne7 63.Be8 Bg7 64.Kf4 Kd4
65.Kg5 Ke5 66.Ba4 Nf5 67.Bc2 Nd4 68.Ba4 Ne6+ 69.Kg4 Nc5 70.Bc2 Kf6 71.h5  0-1

[Event "Luzern ol (Men)"]
[Site "Luzern"]
[Date "1982.??.??"]
[Round "11"]
[White "Nagendra, Rentala"]
[Black "Gutman, Lev"]
[Result "0-1"]
[WhiteElo "2290"]
[BlackElo "2475"]

1.e4 c5 2.c3 Nf6 3.e5 Nd5 4.d4 cxd4 5.Bc4 Qc7 6.Qe2 Nb6 7.Bd3 Nc6 8.Nf3 d5
9.exd6 Qxd6 10.O-O Bg4 11.Rd1 g6 12.cxd4 Bg7 13.Nc3 O-O 14.Be3 Rad8 15.h3 Bxf3
16.Qxf3 Qb4 17.Ba6 Qxb2 18.Bxb7 Nxd4 19.Bxd4 Bxd4 20.Nd5 Nxd5 21.Bxd5 Rxd5
22.Qxd5 Qxf2+ 23.Kh1 Bxa1 24.Rxa1 e6 25.Qe5 Rd8 26.Rb1 Qxa2 27.Rb8 Qd2 28.Qc7 Qe1+
29.Kh2 Rxb8 30.Qxb8+ Kg7 31.Qxa7 e5 32.Qe7 Qe3 33.h4 h5 34.g3 Qd2+ 35.Kh3 Qd5
36.Kh2 Qd4 37.g4 Qf4+ 38.Kh1  0-1

[Event "Luzern ol (Men)"]
[Site "Luzern"]
[Date "1982.??.??"]
[Round "13"]
[White "Handoko, Edhi"]
[Black "Martin Gonzalez, Angel"]
[Result "1-0"]
[WhiteElo "2375"]
[BlackElo "2415"]

1.e4 c5 2.c3 Nf6 3.e5 Nd5 4.Nf3 d6 5.d4 cxd4 6.Qxd4 e6 7.Bc4 Nc6 8.Qe4 dxe5
9.Nxe5 Bd6 10.Nxc6 bxc6 11.O-O O-O 12.Nd2 e5 13.Qe2 f5 14.Nf3 Qf6 15.Bg5 Qg6
16.Nxe5 Qxg5 17.Nxc6 Bxh2+ 18.Kxh2 Qh6+ 19.Kg1 Qxc6 20.Rfd1 Be6 21.Qxe6+ Qxe6
22.Bxd5 Rfe8 23.c4 a5 24.Rac1 Kf7 25.c5 Rad8 26.Bxe6+ Kxe6 27.Rxd8 Rxd8 28.Re1+ Kf6
29.c6 Rc8 30.Rc1 Ke6 31.Rc5 a4 32.Rc4 a3 33.b4 Kd5 34.Rc5+ Kd6 35.Rc3 Rxc6
36.Rxa3 Rc1+ 37.Kh2 Rb1 38.Ra6+ Ke5 39.Ra5+ Kf4 40.b5 Rb2 41.a3 g5 42.Ra4+ Ke5
43.Rb4 Rxb4 44.axb4 f4 45.Kg1 Kd6 46.Kf1 f3 47.gxf3 Kc7 48.Kg2 Kb6 49.Kg3 Kxb5
50.Kg4 Kxb4 51.Kxg5 Kc5 52.f4 Kd6 53.Kf6 h5 54.Kg5 Ke6 55.f5+  1-0

[Event "Marbella zt-B"]
[Site "Marbella"]
[Date "1982.??.??"]
[Round "6"]
[White "Klauner, Thei"]
[Black "Meulders, Richard"]
[Result "1/2-1/2"]
[WhiteElo "2200"]
[BlackElo "2345"]

1.e4 c5 2.c3 Nf6 3.e5 Nd5 4.d4 cxd4 5.cxd4 e6 6.Nf3 d6 7.Bc4 dxe5 8.Nxe5 Bb4+
9.Bd2 Bxd2+ 10.Nxd2 O-O 11.O-O b6 12.Bd3 Bb7 13.Qf3 Nc6 14.Qh3 h6 15.Nxc6 Bxc6
16.Be4 f5 17.Bxd5 Qxd5 18.Nf3 Qb5 19.Ne5 Bb7 20.Rac1 Rac8 21.Rxc8 Rxc8 22.Qh5 Rf8
23.b3 Qd5 24.Nf3 Qd6 25.Rd1 Bxf3 26.Qxf3 Rd8 27.g3 Qd5 28.Kg2 e5 29.h4 Kf7
30.Rc1 exd4 31.Qxd5+ Rxd5 32.Kf3 Ke6 33.b4 Kd6 34.Ke2 a5 35.a3 axb4 36.axb4 Ke5
37.Kd3 f4 38.Rc6 fxg3 39.fxg3 b5 40.Rg6 Rd7 41.Rb6  1/2-1/2

[Event "Marbella zt-B"]
[Site "Marbella"]
[Date "1982.??.??"]
[Round "10"]
[White "Klauner, Thei"]
[Black "Blow, R."]
[Result "1-0"]
[WhiteElo "2200"]
[BlackElo "2205"]

1.e4 c5 2.c3 Nf6 3.e5 Nd5 4.d4 cxd4 5.cxd4 e6 6.Nf3 Be7 7.Bd3 b6 8.Nc3 Bb7
9.Ne4 Nc6 10.O-O f5 11.exf6 Nxf6 12.Nfg5 Nxd4 13.Nxf6+ Bxf6 14.Re1 Kf8 15.Qh5 Qe8
16.Nxh7+ Ke7 17.Qg4 Rc8 18.Bg5 Rc5 19.Bxf6+ gxf6 20.Qxd4 Qf7 21.Rad1 Bc6
22.Be4 d5 23.Bf5 e5 24.Rxe5+  1-0

[Event "Moscow-ch"]
[Site "Moscow"]
[Date "1982.??.??"]
[Round "1"]
[White "Lutikov, Anatoly S"]
[Black "Rashkovsky, Nukhim N"]
[Result "1/2-1/2"]
[WhiteElo "2390"]
[BlackElo "2515"]

1.e4 c5 2.c3 Nf6 3.e5 Nd5 4.d4 cxd4 5.Qxd4 e6 6.Bd3 Nc6 7.Qe4 d6 8.exd6 Bxd6
9.Nf3 f5 10.Qe2 O-O 11.O-O Nf4 12.Bxf4 Bxf4 13.Na3 Qf6 14.Rfe1 Bd7 15.Nc4 Rad8
16.Nce5  1/2-1/2

[Event "NZD-ch"]
[Site "NZL"]
[Date "1982.??.??"]
[Round "?"]
[White "Smith, Robert W"]
[Black "Green, Ewen M"]
[Result "1/2-1/2"]
[WhiteElo "2225"]
[BlackElo "2320"]

1.e4 c5 2.c3 Nf6 3.e5 Nd5 4.d4 cxd4 5.cxd4 d6 6.Nf3 Nc6 7.Bc4 Nb6 8.Bb5 dxe5
9.Nxe5 Bd7 10.Nc3 Nxe5 11.dxe5 Bxb5 12.Qxd8+ Rxd8 13.Nxb5 a6 14.Nc7+ Kd7
15.Be3 Nc4 16.Rd1+ Kxc7 17.Rc1 b5 18.b3 e6 19.Ke2 Be7 20.bxc4 b4 21.Rb1 Kc6
22.a3 a5 23.axb4 Bxb4 24.Rhd1 Rxd1 25.Kxd1 Rd8+ 26.Kc2 Rd7 27.Rb3 h5 28.h3 Rb7
29.Rb1 Rd7 30.Rb3 g6 31.Rb1 Rb7 32.Ra1 Rd7 33.Rb1 Bc5 34.Bxc5 Kxc5 35.Kc3 Ra7
36.Rb5+ Kc6 37.Kb3 a4+ 38.Ka3 h4 39.Rb8 Kc5 40.Rh8 Kxc4 41.Rxh4+ Kd5 42.Rxa4 Rxa4+
43.Kxa4 Kxe5 44.Kb3 Kd4 45.Kc2 e5 46.Kd2 f5 47.Ke2 Ke4 48.Kd2 Kd4 49.Ke2 e4
50.Kd2 g5 51.Ke2 f4 52.g3 Ke5 53.Kd2 e3+ 54.Ke2 Ke4 55.gxf4 gxf4 56.fxe3  1/2-1/2

[Event "POL-ch"]
[Site "POL"]
[Date "1982.??.??"]
[Round "?"]
[White "Jasnikowski, Zbigniew"]
[Black "Pokojowczyk, Jerzy"]
[Result "1/2-1/2"]
[WhiteElo "2395"]
[BlackElo "2450"]

1.e4 c5 2.c3 Nf6 3.e5 Nd5 4.d4 cxd4 5.Nf3 Nc6 6.Bc4 Nb6 7.Bb3 d5 8.exd6 exd6
9.Nxd4 Be7 10.O-O O-O 11.Be3 Bf6 12.a4 d5  1/2-1/2

[Event "Reykjavik op"]
[Site "Reykjavik"]
[Date "1982.??.??"]
[Round "?"]
[White "Karlsson, Hilmar"]
[Black "Jonsson, Johannes G"]
[Result "1/2-1/2"]
[WhiteElo "2260"]
[BlackElo "2315"]

1.e4 c5 2.c3 Nf6 3.e5 Nd5 4.d4 cxd4 5.cxd4 d6 6.Nf3 Nc6 7.Bc4 Nb6 8.Bb5 dxe5
9.Nxe5 Bd7 10.Nc3 e6 11.O-O Nxe5 12.dxe5 Bxb5 13.Nxb5 a6 14.Nc3 Qxd1 15.Rxd1 Be7
16.b3 Rc8 17.Bb2 Bb4 18.Ne4 Nd5 19.g3 O-O 20.Rac1  1/2-1/2

[Event "DDR-ch (Women) "]
[Site "Salzwedel"]
[Date "1982.??.??"]
[Round "9"]
[White "Starck, Ines"]
[Black "Wagner Michel, Annett"]
[Result "1/2-1/2"]
[WhiteElo "2030"]
[BlackElo "2160"]

1.e4 c5 2.c3 Nf6 3.e5 Nd5 4.d4 cxd4 5.cxd4 d6 6.Nf3 Nc6 7.Bc4 e6 8.O-O dxe5
9.dxe5 Be7 10.Qe2 a6 11.Rd1 O-O 12.Qe4 Nf6 13.Qe1 Nd7 14.Bf4 Qb6 15.Qe2 Nc5
16.Bg5 Bxg5 17.Nxg5 Nxe5 18.Nxh7 Kxh7 19.Qxe5 Nd7 20.Qe2 Nf6 21.Nc3 Kg8 22.Rd3 e5
23.Rg3 Re8 24.Qd2 Qd4 25.Qxd4 exd4 26.Nd5 Nxd5 27.Bxd5 Re5 28.Bc4 Bf5 29.f4 Rc5
30.Bd3 Be6 31.Be4 Rac8 32.Rd1 Bd5 33.Bxd5 Rxd5 34.Rgd3 Rc2 35.R1d2 Rc6 36.Kf2 f5
37.Kf3 Kf7 38.Rxd4 Rb5 39.Rd7+ Kg8 40.h3 Rcb6 41.b3 Rc6 42.Re7 Rc3+ 43.Kf2 Rb6
44.h4 Rh6 45.g3 Kh7 46.Rd5 Rg6 47.Rxf5 Rgxg3 48.Rg5 Rxg5 49.hxg5 Kg6 50.Rxb7 Rc2+
51.Ke3 Rxa2 52.Ke4 Re2+ 53.Kd5 Rb2 54.Ke5 Re2+ 55.Kd6 Re4 56.Rb6 Rxf4 57.Rxa6 Kxg5
58.Kc5  1/2-1/2

[Event "BUL-ch playoff (Women)"]
[Site "Sofia"]
[Date "1982.??.??"]
[Round "4"]
[White "Zlatanova, Emilia"]
[Black "Gocheva, Rumiana B"]
[Result "0-1"]
[WhiteElo "2060"]
[BlackElo "2105"]

1.e4 c5 2.c3 Nf6 3.e5 Nd5 4.d4 cxd4 5.Qxd4 e6 6.Bc4 Nc6 7.Qe4 f5 8.Qe2 Nde7
9.Nf3 Qc7 10.Na3 Ng6 11.Nb5 Qb8 12.O-O a6 13.Nd6+ Bxd6 14.exd6 Qxd6 15.Rd1 Qc7
16.Nd4 O-O 17.Nxc6 Qxc6 18.f4 b5 19.Bb3 Bb7 20.Rxd7 Rf6 21.Rd3 Nh4 22.Rg3 Re8
23.Bd2 Rg6 24.Rf1 Nxg2 25.Rxg6 hxg6 26.h3 Nh4 27.Kh2 Nf3+ 28.Kg3 Nxd2 29.Qxd2 Kf7
30.Qe2 Qe4 31.Re1 Qxe2 32.Rxe2 Be4 33.Rd2 Ke7 34.a4 Rc8 35.axb5 axb5 36.Rd4 Rc5
37.h4 Bd5 38.Bxd5 exd5 39.Kf3 Kd6 40.Kg3 Rc8 41.Rd1 Re8 42.Kf3 Kc5 43.Rg1 Re6
44.h5 gxh5 45.Rxg7 h4 46.Rb7 Rc6 47.Rh7 d4 48.Rh5 d3 49.Rxf5+ Kc4 50.b3+ Kxc3
51.Rxb5 d2  0-1

[Event "Bayern-ch"]
[Site "Tirschenreuth"]
[Date "1982.??.??"]
[Round "?"]
[White "Kestler, Hans Guenther"]
[Black "Leitner, Maximilian"]
[Result "1-0"]
[WhiteElo "2395"]
[BlackElo "2250"]

1.e4 c5 2.c3 Nf6 3.e5 Nd5 4.d4 cxd4 5.Qxd4 e6 6.Nf3 b6 7.Nbd2 Nc6 8.Qg4 f5
9.exf6 Nxf6 10.Qg3 Bb7 11.Nc4 Bc5 12.Bd3 O-O 13.O-O b5 14.Nd6 Bxd6 15.Qxd6 a6
16.a4 bxa4 17.Rxa4 Ne7 18.Qg3 Nf5 19.Qh3 Qe8 20.Re1 d6 21.Rb4 Qc8 22.Nd4 Nxd4
23.Rxd4 e5 24.Qxc8 Rfxc8 25.Rxd6 Rd8 26.Rxd8+ Rxd8 27.Bc2  1-0

[Event "JUG-ch"]
[Site "Vrbas"]
[Date "1982.??.??"]
[Round "?"]
[White "Hresc, Vladimir"]
[Black "Marjanovic, Slavoljub"]
[Result "1/2-1/2"]
[WhiteElo "2265"]
[BlackElo "2515"]

1.e4 c5 2.c3 Nf6 3.e5 Nd5 4.d4 cxd4 5.cxd4 d6 6.Nf3 Nc6 7.Nc3 Nxc3 8.bxc3 d5
9.Bd3 h6 10.O-O e6 11.Ne1 Bd7 12.f4 Rc8 13.Nc2 Na5 14.f5 Qb6 15.fxe6 Bxe6
16.Ne3 Rxc3 17.Rb1 Qc7 18.Bb5+ Kd8 19.Qd2 a6 20.Be2 Be7 21.Bb2 Rc6 22.Qd3 g6
23.Bf3 Qd7 24.Bc3 Nc4 25.Nxc4 Bf5 26.Qd2 Rxc4 27.Rb6 Kc7 28.Qb2 Kb8 29.Be2 Rc6
30.Bxa6 Rxb6 31.Qxb6 Rc8 32.Bb5 Qc7 33.Qxc7+ Rxc7 34.Bb2 Bg5 35.Ba4 Be3+
36.Kh1 Be4 37.Ba3 Ka7 38.Bc5+ b6 39.Bd6 Rc4 40.Bb5 Rc2 41.Rxf7+ Ka8 42.Rf8+  1/2-1/2

[Event "OHRA"]
[Site "Amsterdam"]
[Date "1983.??.??"]
[Round "?"]
[White "Hresc, Vladimir"]
[Black "Van der Vliet, Fred"]
[Result "0-1"]
[WhiteElo "2450"]
[BlackElo "2345"]

1.e4 c5 2.c3 Nf6 3.e5 Nd5 4.d4 cxd4 5.cxd4 d6 6.Nf3 Nc6 7.Nc3 dxe5 8.dxe5 Nxc3
9.Qxd8+ Nxd8 10.bxc3 g6 11.Nd4 Bg7 12.f4 Bd7 13.g3 Rc8 14.Be3 f6 15.exf6 Bxf6
16.Kd2 Nf7 17.Bg2 Nd6 18.Rhe1 Kf7 19.Bf2 Rc5 20.Ne2 Ra5 21.Bd4 Rc8 22.Bxf6 exf6
23.Nd4 b6 24.Kd3 Rc7 25.Reb1 Bc8 26.Rb3 Ba6+ 27.Kc2 Bc4 28.Rb2 Bd5 29.Bxd5+ Rxd5
30.Kd3 Nb7 31.Rb5 Nc5+ 32.Ke3 Rd8 33.Rc1 Re8+ 34.Kd2 Ne4+ 35.Kd3 Nf2+ 36.Kd2 Ne4+
37.Kd3 Nc5+ 38.Kd2 Rce7 39.Rf1 Re3 40.Kc2 h5 41.f5 g5 42.Rb4 R8e4 43.Rg1 h4
44.Rg2 Nd3 45.Rd2 Nxb4+ 46.cxb4 hxg3 47.hxg3 Rxg3 48.b5 Rge3 49.Nc6 Re2 50.Nxa7 Rxd2+
51.Kxd2 Ra4 52.Nc8 Rxa2+ 53.Ke3 Rb2 54.Ke4 Rb4+ 55.Ke3 Kg7  0-1

[Event "Bundesliga 8283"]
[Site "Germany"]
[Date "1983.??.??"]
[Round "?"]
[White "Hermann, Manfred"]
[Black "Seppeur, Reinhold"]
[Result "1/2-1/2"]
[WhiteElo "2335"]
[BlackElo "2310"]

1.e4 c5 2.c3 Nf6 3.e5 Nd5 4.d4 cxd4 5.cxd4 Nc6 6.Nc3 Nxc3 7.bxc3 d6 8.Nf3 e6
9.exd6 Qa5 10.Bd2 Bxd6 11.Qb3 O-O 12.Bd3 b6 13.Ng5 h6 14.Ne4 Be7 15.O-O Ba6
16.Bxa6 Qxa6 17.Rfe1 Na5 18.Qd1 Nc4 19.Bf4 Rad8 20.Qd3 Qa4 21.Qg3 Kh7 22.Qd3 Kg8
23.Qg3 Kh7 24.Qd3  1/2-1/2

[Event "Bundesliga 8283"]
[Site "Germany"]
[Date "1983.??.??"]
[Round "?"]
[White "Huenerkopf, Heinz"]
[Black "Cordes, Hans Joerg"]
[Result "1-0"]
[WhiteElo "2295"]
[BlackElo "2295"]

1.e4 c5 2.c3 Nf6 3.e5 Nd5 4.d4 cxd4 5.Nf3 Nc6 6.Bc4 Nb6 7.Bb3 d5 8.exd6 Qxd6
9.O-O e5 10.cxd4 exd4 11.Ng5 Be6 12.Re1 Nd8 13.Qh5 g6 14.Qg4 Nd5 15.Qxd4  1-0

[Event "Helsinki"]
[Site "Helsinki"]
[Date "1983.??.??"]
[Round "3"]
[White "Binham, Timothy F"]
[Black "Balashov, Yuri S"]
[Result "0-1"]
[WhiteElo "2360"]
[BlackElo "2540"]

1.e4 c5 2.c3 Nf6 3.e5 Nd5 4.d4 cxd4 5.Nf3 d6 6.Qxd4 e6 7.Nbd2 Nc6 8.Bb5 Bd7
9.Bxc6 Bxc6 10.Nc4 dxe5 11.Ncxe5 Qb6 12.O-O Rc8 13.c4 Nf6 14.Nxc6 Bc5 15.Qh4 Qxc6
16.b3 O-O 17.Bb2 Be7 18.Rae1 Rfd8 19.Re3 Qc7 20.Rfe1 Ne8 21.Qh5 Bf6 22.Ne5 Rd2
23.Bc3 Rc2 24.f4 Rd8 25.a4 Nd6 26.Rd3 Nf5 27.Rxd8+ Bxd8 28.Ba1 Qe7 29.Qd1 Bb6+
30.Kh1 Qh4  0-1

[Event "Lvov"]
[Site "Lvov"]
[Date "1983.??.??"]
[Round "?"]
[White "Vorotnikov, Vladislav V"]
[Black "Chekhov, Valery A"]
[Result "1/2-1/2"]
[WhiteElo "2470"]
[BlackElo "2510"]

1.e4 c5 2.c3 Nf6 3.e5 Nd5 4.Nf3 Nc6 5.d4 cxd4 6.Bc4 e6 7.cxd4 d6 8.O-O Be7
9.Qe2 O-O 10.Nc3 Nxc3 11.bxc3 dxe5 12.dxe5 b6 13.Qe4 Qc7 14.Bg5 Bb7 15.Bd3 g6  1/2-1/2

[Event "Lvov"]
[Site "Lvov"]
[Date "1983.??.??"]
[Round "?"]
[White "Sveshnikov, Evgeny"]
[Black "Panchenko, Alexander N"]
[Result "1/2-1/2"]
[WhiteElo "2505"]
[BlackElo "2475"]

1.e4 c5 2.c3 Nf6 3.e5 Nd5 4.d4 cxd4 5.Qxd4 e6 6.Nf3 Nc6 7.Qe4 d6 8.Nbd2 dxe5
9.Nxe5 Nxe5 10.Qxe5 Qd6 11.Bb5+ Bd7 12.Bxd7+ Qxd7 13.a4 Qc7 14.Qxc7 Nxc7
15.Nc4 Nd5 16.Ne3 O-O-O 17.Nxd5 Rxd5 18.Be3 Bc5 19.Bxc5 Rxc5 20.O-O-O Rd8
21.Rxd8+ Kxd8 22.Rd1+  1/2-1/2

[Event "Lvov"]
[Site "Lvov"]
[Date "1983.??.??"]
[Round "?"]
[White "Vorotnikov, Vladislav V"]
[Black "Sveshnikov, Evgeny"]
[Result "0-1"]
[WhiteElo "2470"]
[BlackElo "2505"]

1.e4 c5 2.c3 Nf6 3.e5 Nd5 4.d4 cxd4 5.Qxd4 e6 6.Nf3 Nc6 7.Qe4 f6 8.exf6 Nxf6
9.Qh4 d5 10.Bd3 Bd6 11.Bg5 Kf7 12.Nd4 h6 13.Be3 Ne5 14.Bc2 g5 15.Qh3 Ng6
16.g3 e5 17.Nf5 Ne7 18.f3 d4 19.Bf2 Nxf5 20.Bxf5 Qb6 21.Nd2 Qxb2 22.Rd1 Qxc3
23.O-O Bxf5 24.Qxf5 Qc8 25.Qb1 Qc6 26.Rc1 Qd5 27.Ne4 Rad8 28.g4 Nxe4 29.fxe4 Qe6
30.Qxb7+ Kg6 31.Bg3 Rh7 32.Qa6 Qxg4 33.Rc6 Rhd7 34.Qc4 Re7 35.Qa6 Qd7 36.Rc2 d3
37.Rd2 Qe6 38.Kg2 Bb4 39.Qxe6+ Rxe6 40.Rdd1 d2 41.Rf5 Rc8 42.Kf3 Rc1  0-1

[Event "Nordic-tt"]
[Site "Oslo"]
[Date "1983.??.??"]
[Round "?"]
[White "Dahl, Ingrid"]
[Black "Laitinen, Leena"]
[Result "1/2-1/2"]
[WhiteElo "1905"]
[BlackElo "1885"]

1.e4 c5 2.c3 Nf6 3.e5 Nd5 4.d4 cxd4 5.Bc4 Nb6 6.Bb3 e6 7.cxd4 d6 8.exd6 Bxd6
9.Nc3 O-O 10.Nf3 N8d7 11.O-O Nf6 12.Re1 a6 13.Bg5 Nbd7 14.Qd3 Qc7 15.Ne4 Nxe4
16.Qxe4 Qb8 17.Bc2 g6 18.Qh4 Re8 19.Re3 Bf8 20.Bh6 Be7 21.Bg5 Bf8 22.Ne5 Bg7
23.Nxd7 Bxd7 24.Bf6 Bxf6 25.Qxf6 Bc6 26.Bb3  1/2-1/2

[Event "EU-chT Plovdiv"]
[Site "Plovdiv"]
[Date "1983.??.??"]
[Round "6"]
[White "Van Wijgerden, Cornelis"]
[Black "Georgiev, Kiril"]
[Result "1/2-1/2"]
[WhiteElo "2440"]
[BlackElo "2410"]

1.e4 c5 2.c3 Nf6 3.e5 Nd5 4.d4 cxd4 5.cxd4 d6 6.Bc4 Nb6 7.Bb3 Nc6 8.e6 fxe6
9.Nf3 g6 10.h4 Bg7 11.Nc3 e5 12.d5 Nd4 13.Nxd4 exd4 14.Nb5 Nxd5 15.Nxd4 Nf6
16.O-O d5 17.Qe2 O-O 18.Ne6 Bxe6 19.Qxe6+ Kh8 20.Bg5 d4 21.Rad1 Rc8 22.Rfe1 Ng8
23.Qg4  1/2-1/2

[Event "Rubinstein mem"]
[Site "Polanica Zdroj"]
[Date "1983.??.??"]
[Round "13"]
[White "Hresc, Vladimir"]
[Black "Ksieski, Zbigniew"]
[Result "0-1"]
[WhiteElo "2450"]
[BlackElo "2415"]

1.e4 c5 2.c3 Nf6 3.e5 Nd5 4.d4 cxd4 5.Nf3 d6 6.cxd4 Nc6 7.exd6 Qxd6 8.Nc3 Bg4
9.Be2 e6 10.O-O Be7 11.h3 Bf5 12.Qb3 O-O 13.Nxd5 exd5 14.Be3 Bd8 15.Rac1 Bb6
16.a3 Be4 17.Rfd1 Rae8 18.Nd2 f5 19.Nxe4 fxe4 20.g3 Rf7 21.Qc3 Ref8 22.Rf1 Rf3
23.Bxf3 Rxf3 24.Qd2 h5 25.h4 Qe6 26.Kg2 Qg4 27.Rxc6 bxc6 28.Rc1 Bd8 29.Rh1 Bc7
30.Qe1 a5 31.a4 c5 32.dxc5 Be5 33.Bg5 d4 34.Rh3 Rd3 35.Rh1 Qf3+ 36.Kh2 e3
37.fxe3 Bxg3+ 38.Qxg3 Rd2+  0-1